| 000 | 00668nam a2200205Ia 4500 | ||
|---|---|---|---|
| 003 | GCL | ||
| 008 | 140319s9999 xx 000 0 ara d | ||
| 020 | _a5425232977 | ||
| 040 |
_aGCL / _cGCL |
||
| 082 | 0 | 4 |
_a331.31 _bا ع |
| 100 | 1 | _aامانى عبدالفتاح | |
| 245 | 1 | 0 |
_aعمالة الاطفال : _bكظاهرة اجتماعية ريفية / _cامانى عبدالفتاح |
| 250 | _aالاولى | ||
| 260 |
_aالقاهرة : _bعالم الكتب الحديث ، _c2001 |
||
| 300 |
_a188 ص ؛ _c24 سم |
||
| 650 | 0 | 4 | _aالعمالة |
| 650 | 0 | 4 | _aالمشاكل الاجتماعية |
| 650 | 0 | 4 | _aالاطفال - تشغيل |
| 942 |
_2ddc _cBK |
||
| 999 |
_c5205 _d5205 |
||